| 000 | 00347nam a2200133 a 4500 | ||
|---|---|---|---|
| 001 | 5675 | ||
| 003 | CDMR | ||
| 005 | 20130314162643.0 | ||
| 008 | 130130s ||||||||||||||||||||||||||||d | ||
| 040 |
_aCDMR _bcat _cCDMR |
||
| 245 | 0 | 3 | _aLa força de la fotografia |
| 260 |
_a[Barcelona] _bFira de Barcelona. Área de Comunicació _c[s.d.] |
||
| 942 |
_cMON _2udc |
||
| 999 |
_c5675 _d5675 |
||